| 000 | 01558nam0a2200361 4500 | ||
|---|---|---|---|
| 001 | RU\NLR\BIBL_A\022727073 | ||
| 005 | 20260503064408.0 | ||
| 010 |
_a978-5-9614-9542-3 _96000 |
||
| 010 |
_a978-5-0063-0533-5 _bсери |
||
| 021 |
_aRU _bКН-П-25-079078 _9КН-П-25-7665 |
||
| 035 | _a(NLR Aleph) 022727073 | ||
| 090 |
_a13699871 _c13699871 |
||
| 100 | _a20260213d2026 u y0rusy50 ca | ||
| 101 | 1 |
_arus _ceng |
|
| 102 | _aRU | ||
| 105 | _ay z 000ab | ||
| 181 | 0 |
_ai _baxxe |
|
| 182 | 0 | _an | |
| 200 | 1 |
_aДжеки _eроман-биография _e[о Жаклин Кеннеди-Онассис] _fДон Трипп _gперевод с английского Ирины Крейниной |
|
| 203 |
_aТекст _bвизуальный _cнепосредственный |
||
| 210 |
_aМосква _cАльпина Паблишер, Belles Lettres _d2026 (печ. 2025) |
||
| 215 |
_a594, [3] с. _d20 |
||
| 225 | 1 | _aГлавная героиня: романы-биографии | |
| 333 | _a16+ | ||
| 600 | 1 |
_aКеннеди Онассис _bЖ. _f1929 - 1994 _gЖаклин _xв художественной литературе _92095256 _3RU\NLR\AUTH\661267787 |
|
| 686 | 1 | _aШ6(7США)67-443{Лх1979-53} | |
| 700 | 1 |
_7ca _8rus _aТрипп _bД. _f1968- _gДон _92706480 _3RU\NLR\AUTH\770292741 |
|
| 701 | 1 |
_4280 _7ca _8rus _aКеннеди Онассис _bЖ. _f1929-1994 _gЖаклин _9119668 _3RU\NLR\AUTH\779869 |
|
| 942 | _cBOOK | ||
| 980 | _aNB | ||